|
|
|
|
| LEADER |
00000cam a2200000 cc4500 |
| 001 |
345344162 |
| 003 |
DE-627 |
| 005 |
20250130190035.0 |
| 007 |
tu |
| 008 |
020408s1797 gw ||||| m 00| ||lat c |
| 024 |
7 |
|
|a VD18 10717420
|2 vd18
|
| 035 |
|
|
|a (DE-627)345344162
|
| 035 |
|
|
|a (DE-576)9345344160
|
| 035 |
|
|
|a (DE-599)GBV345344162
|
| 035 |
|
|
|a (OCoLC)248837847
|
| 035 |
|
|
|a (OCoLC)833844199
|
| 040 |
|
|
|a DE-627
|b ger
|c DE-627
|e rda
|
| 041 |
|
|
|a lat
|
| 044 |
|
|
|c XA-DE
|c XA-DXDE
|
| 100 |
1 |
|
|e VerfasserIn
|0 (DE-588)100276318
|0 (DE-627)07660800X
|0 (DE-576)16315662X
|4 aut
|a Stäudlin, Karl Friedrich
|d 1761-1826
|
| 109 |
|
|
|a Stäudlin, Carolus Fridericus 1761-1826
|a Stäudlin, Carl Friedrich 1761-1826
|a Stäudlin, Carl Fridrich 1761-1826
|a Staeudlin, Carolus Fridericus 1761-1826
|a Staeudlin, Carl Friedrich 1761-1826
|a Stäudlin, Karl F. 1761-1826
|a Stäudlin, C. F. 1761-1826
|a Stäudlin, K.F. 1761-1826
|a Stäudlin, Carl Friederich 1761-1826
|a Stäudlin, K. F. 1761-1826
|a Stäudlin, C.F. 1761-1826
|a Stäudlin, Karl Friederich 1761-1826
|a Stäudlin, Karl Friedrich 1761-1826
|a Staeudlin, Car. Frid. 1761-1826
|a Staeudlinus, Carolus Fridericus 1761-1826
|a Staeudlinus, Carolus F. 1761-1826
|a Staeudlin, Carolus Friedericus 1761-1826
|a Staudlin, Carl Friedrich 1761-1826
|
| 245 |
1 |
0 |
|a Academiae Georgiae Avgvstae Prorector Cvm Senatv Sacra Pentecostalia Pie Celebranda Indicit
|b Inest Commentationis de legum Mosaicarum momento et ingenio, collectione et effectibus
|n Particvla Secvnda Et Vltima
|
| 264 |
|
1 |
|a Gottingae
|b Typis Jo. Christ. Dieterich
|c MDCCXCVII
|
| 300 |
|
|
|a 24 Seiten
|c 4°
|
| 336 |
|
|
|a Text
|b txt
|2 rdacontent
|
| 337 |
|
|
|a ohne Hilfsmittel zu benutzen
|b n
|2 rdamedia
|
| 338 |
|
|
|a Band
|b nc
|2 rdacarrier
|
| 361 |
1 |
|
|5 DE-28
|y 55188312X
|s Fa-1092(87).30
|o Vorbesitz
|a Hartmann, Anton Theodor
|0 (DE-588)116491418
|0 (DE-627)133398935
|0 (DE-576)168505568
|f Autogramm
|f Notiz
|k 1815-06-XX
|
| 361 |
1 |
|
|5 DE-Hv111
|y 4059960241
|s Syst 2223
|o Vorbesitz
|a Predigerseminar Hildesheim
|0 (DE-588)6122593-9
|0 (DE-627)366889354
|0 (DE-576)322427959
|f Bibliotheksexemplar
|z Ohne Stempel
|
| 500 |
|
|
|a Autopsie nach dem Exemplar der SUB Göttingen
|
| 500 |
|
|
|a Vorlageform der Veröffentlichungsangabe: "Gottingae Typis Jo. Christ. Dieterich. MDCCXCVII."
|
| 652 |
|
|
|a HC
|
| 655 |
|
7 |
|a Hochschulschrift
|0 (DE-588)4113937-9
|0 (DE-627)105825778
|0 (DE-576)209480580
|2 gnd-content
|
| 700 |
1 |
|
|e DruckerIn
|0 (DE-588)118678345
|0 (DE-627)163812535
|0 (DE-576)209275545
|4 prt
|a Dieterich, Johann Christian
|d 1722-1800
|
| 751 |
|
|
|a Göttingen
|4 pup
|
| 773 |
1 |
8 |
|a Academiae Georgiae Avgvstae Prorector Cvm Senatv Sacra Pentecostalia Pie Celebranda Indicit Inest Commentationis de legis Mosaicae momento et ingenio, collectione et effectibus
|w (DE-627)345343778
|w (DE-576)9345343776
|g 2
|q 2.1797
|7 nnam
|
| 776 |
0 |
8 |
|i Elektronische Reproduktion
|a Stäudlin, Karl Friedrich, 1761 - 1826
|t Academiae Georgiae Avgvstae Prorector Cvm Senatv Sacra Pentecostalia Pie Celebranda Indicit ; Particvla Secvnda Et Vltima
|d Gottingae : Typis Jo. Christ. Dieterich, 1797
|h 24 Seiten
|w (DE-627)880054948
|w (DE-576)9880054946
|k Electronic
|
| 850 |
|
|
|a RedVD18-DE-7
|
| 889 |
|
|
|w (DE-627)351242279
|
| 889 |
|
|
|w (DE-627)325596840
|
| 912 |
|
|
|a vd18
|
| 935 |
|
|
|a FRST
|a mteo
|
| 935 |
|
|
|i vd18
|
| 951 |
|
|
|a MV
|
| BIB |
|
|
|a 1
|
| ELC |
|
|
|b 1
|
| LOK |
|
|
|0 000 xxxxxcx a22 zn 4500
|
| LOK |
|
|
|0 001 4358211941
|
| LOK |
|
|
|0 003 DE-627
|
| LOK |
|
|
|0 004 345344162
|
| LOK |
|
|
|0 005 20240923083347
|
| LOK |
|
|
|0 008 230727||||||||||||||||ger|||||||
|
| LOK |
|
|
|0 040
|a DE-Tue135
|c DE-627
|d DE-Tue135
|
| LOK |
|
|
|0 092
|o n
|
| LOK |
|
|
|0 852
|a DE-Tue135
|
| LOK |
|
|
|0 852 1
|9 00
|
| LOK |
|
|
|0 866
|x SPQUE#Bibliothek der Franckeschen Stiftungen#SPSAM#Tholuck-Bibliothek#SPSYS#thol_systematik_XI_D
|
| LOK |
|
|
|0 935
|a FRST
|a thol
|
| LOK |
|
|
|0 936ln
|0 1442044136
|a HC
|
| LOK |
|
|
|0 939
|a 27-07-23
|b l01
|
| ORI |
|
|
|a SA-MARC-ixtheoa001.raw
|
| SUB |
|
|
|a BIB
|